<?xml version="1.0" encoding="UTF-8"?><?xml-stylesheet type="text/xsl" href="static/style.xsl"?><OAI-PMH xmlns="http://www.openarchives.org/OAI/2.0/" xmlns:xsi="http://www.w3.org/2001/XMLSchema-instance" xsi:schemaLocation="http://www.openarchives.org/OAI/2.0/ http://www.openarchives.org/OAI/2.0/OAI-PMH.xsd"><responseDate>2026-04-18T02:52:09Z</responseDate><request verb="GetRecord" identifier="oai:riubu.ubu.es:10259/7573" metadataPrefix="marc">https://riubu.ubu.es/oai/request</request><GetRecord><record><header><identifier>oai:riubu.ubu.es:10259/7573</identifier><datestamp>2023-03-22T01:05:16Z</datestamp><setSpec>com_10259_6256</setSpec><setSpec>com_10259_5086</setSpec><setSpec>com_10259_2604</setSpec><setSpec>col_10259_6257</setSpec></header><metadata><record xmlns="http://www.loc.gov/MARC21/slim" xmlns:doc="http://www.lyncode.com/xoai" xmlns:xsi="http://www.w3.org/2001/XMLSchema-instance" xmlns:dcterms="http://purl.org/dc/terms/" xsi:schemaLocation="http://www.loc.gov/MARC21/slim http://www.loc.gov/standards/marcxml/schema/MARC21slim.xsd">
<leader>00925njm 22002777a 4500</leader>
<datafield tag="042" ind1=" " ind2=" ">
<subfield code="a">dc</subfield>
</datafield>
<datafield tag="720" ind1=" " ind2=" ">
<subfield code="a">Clemente-Suárez, Vicente Javier</subfield>
<subfield code="e">author</subfield>
</datafield>
<datafield tag="720" ind1=" " ind2=" ">
<subfield code="a">Mielgo Ayuso, Juan</subfield>
<subfield code="e">author</subfield>
</datafield>
<datafield tag="720" ind1=" " ind2=" ">
<subfield code="a">Martín-Rodríguez, Alexandra</subfield>
<subfield code="e">author</subfield>
</datafield>
<datafield tag="720" ind1=" " ind2=" ">
<subfield code="a">Ramos-Campo, Domingo Jesús</subfield>
<subfield code="e">author</subfield>
</datafield>
<datafield tag="720" ind1=" " ind2=" ">
<subfield code="a">Redondo-Flórez, Laura</subfield>
<subfield code="e">author</subfield>
</datafield>
<datafield tag="720" ind1=" " ind2=" ">
<subfield code="a">Tornero-Aguilera, José Francisco</subfield>
<subfield code="e">author</subfield>
</datafield>
<datafield tag="260" ind1=" " ind2=" ">
<subfield code="c">2022-09</subfield>
</datafield>
<datafield tag="520" ind1=" " ind2=" ">
<subfield code="a">Foods high in carbohydrates are an important part of a healthy diet, since they provide&#xd;
the body with glucose to support bodily functions and physical activity. However, the abusive&#xd;
consumption of refined, simple, and low-quality carbohydrates has a direct implication on the&#xd;
physical and mental pathophysiology. Then, carbohydrate consumption is postulated as a crucial&#xd;
factor in the development of the main Western diseases of the 21st century. We conducted this&#xd;
narrative critical review using MedLine (Pubmed), Cochrane (Wiley), Embase, and CinAhl databases&#xd;
with the MeSH-compliant keywords: carbohydrates and evolution, development, phylogenetic,&#xd;
GUT, microbiota, stress, metabolic health, consumption behaviors, metabolic disease, cardiovascular&#xd;
disease, mental disease, anxiety, depression, cancer, chronic kidney failure, allergies, and asthma&#xd;
in order to analyze the impact of carbohydrates on health. Evidence suggests that carbohydrates,&#xd;
especially fiber, are beneficial for the well-being and growth of gut microorganisms and consequently&#xd;
for the host in this symbiotic relationship, producing microbial alterations a negative effect on mental&#xd;
health and different organic systems. In addition, evidence suggests a negative impact of simple&#xd;
carbohydrates and refined carbohydrates on mood categories, including alertness and tiredness,&#xd;
reinforcing a vicious circle. Regarding physical health, sugar intake can affect the development and&#xd;
prognosis of metabolic disease, as an uncontrolled intake of refined carbohydrates puts individuals&#xd;
at risk of developing metabolic syndrome and subsequently developing metabolic disease.</subfield>
</datafield>
<datafield tag="024" ind2=" " ind1="8">
<subfield code="a">http://hdl.handle.net/10259/7573</subfield>
</datafield>
<datafield tag="024" ind2=" " ind1="8">
<subfield code="a">10.3390/nu14183809</subfield>
</datafield>
<datafield tag="024" ind2=" " ind1="8">
<subfield code="a">2072-6643</subfield>
</datafield>
<datafield ind1=" " ind2=" " tag="653">
<subfield code="a">Metabolic disease</subfield>
</datafield>
<datafield ind1=" " ind2=" " tag="653">
<subfield code="a">Cancer</subfield>
</datafield>
<datafield ind1=" " ind2=" " tag="653">
<subfield code="a">Gut microbiome</subfield>
</datafield>
<datafield ind1=" " ind2=" " tag="653">
<subfield code="a">Asthma</subfield>
</datafield>
<datafield ind1=" " ind2=" " tag="653">
<subfield code="a">Nutrition</subfield>
</datafield>
<datafield ind1=" " ind2=" " tag="653">
<subfield code="a">Carbohydrates</subfield>
</datafield>
<datafield tag="245" ind1="0" ind2="0">
<subfield code="a">The Burden of Carbohydrates in Health and Disease</subfield>
</datafield>
</record></metadata></record></GetRecord></OAI-PMH>